000 00684nam a2200217Ia 4500
003 GCL
008 140319s9999 xx 000 0 ara d
040 _aGCL /
_cGCL
082 0 4 _a214.3
_bس ع
100 1 _aسعد الغراب
245 1 0 _aالعامل الدينى والهوية التونسية /
_cسعد الغراب
260 _a[S.N] :
_bالدار التونسية للنشر ،
_c1990
300 _a186 ص
490 _aموافقات
_v0
650 0 4 _aتونس
650 0 4 _aالاسلام والمجتمع
650 0 4 _aالثقافة الاسلامية
650 0 4 _aالمغرب العربى
650 0 4 _aالاسلام والسياسة
942 _2ddc
_cBK
999 _c35743
_d35743